000 00486nam a2200181Ia 4500
005 20250326125821.0
008 250326s9999 xx 000 0 und d
037 _aTextbook
040 _aFMSL
_beng
_cFMSL
041 _aeng
_2eng
084 _aX:51 N7
_qFMSL
100 _aMedcalf G
_9739748
245 0 _aMarketing and the brand manager
_cMedcalf G
260 _aOxford
_bOxford, Pengamon
_c1967
300 _a252p
942 _cTB
_hX:51 N7
999 _c1279716
_d1279716